000 00848nam a2200241Ia 4500
003 OSt
005 20220923220313.0
006 a|||||r|||| 00| 0
007 ta
008 220922b |||||||| |||| 00| 0 hin d
024 _a185,824
037 _cTextual
040 _aARTS
_cARTS
_bhin
041 _2hin
_ahin
082 _aY15:1:12.2.A, 152K4
100 _aवेदालंकार, प्रशान्तकुमार
_9162595
245 0 _aवैदिक साहित्य में नारी
246 _aVaidik sāhitya mean nārī
260 _aदिल्ली
_b वासूदेव प्रकाशन
_c1964
300 _a172 पृ.
_ccm.
942 _hY15:1:12.2.A, 152K4
_cTEXL
_2CC
999 _c339070
_d339070